Is There any Sociological Tradition of Social Memory Research? The Polish and the Czech Case

Titel: Is There any Sociological Tradition of Social Memory Research? The Polish and the Czech Case / Jaroslaw Kilias
Verfasser:
In: Polish sociological review, Heft 183 (2013), Seite 297-316
alle Artikel anzeigen
Veröffentlicht: 2013
Format: Aufsatz
Sprache: Englisch
Schlagworte:
Kein Bild verfügbar
X
alg: 41685788
001A    $06052:21-09-17 
001B    $06052:21-09-17 $t23:25:24.000 
001C    $03025:21-09-17 $t09:53:22.000 
001D    $06052:21-09-17 
001U    $0utf8 
001X    $00 
002@    $0Aox 
003@    $0416857884 
006N    $000162121 
007A    $0416857884 $aHEB 
007D    $asw131105 
007I    $0swets173843941 
010@    $aeng 
011@    $a2013 
021A    $aIs There any Sociological Tradition of Social Memory Research? The Polish and the Czech Case $hJaroslaw Kilias 
028A    $aKilias $dJaroslaw 
031A    $e183 $g20 $h297-316 $j2013 
039B    $aEnthalten in $8--Abvc--. Polish sociological review. - Warszawa : Polskie Towarzystwo Socjologiczne, 1993-. - ISSN 1231-1413 $x201300000000183703 $9048646571 
044K    $RKongresspolen $RWestgalizien $#Generalgouvernement Polen $#Polska $#Rzeczpospolita Polska $#Polska Rzeczpospolita Ludowa $#Poland $#Pologne $#République Polonaise $#Generalne Gubernatorstwo w Polsce $#Polish People's Republic $#Polska Rzeczpospolita Polen $#PRL $#RP $#Polen Generalgouvernement $#Polska Generalgouvernement $#Besetzte Polnische Gebiete $#Besetztes Gebiet in Polen $#Okupowane Polskie Obszary $#Obszary Okupowane w Polsce $#Volksrepublik Polen $#Polska Rosyjska $#Republic Polen $#Respublika Pol'ša $#Pol'skaja Narodnaja Respublika $#République de Pologne $#Polen Links der Weichsel $#Polska po Lewej Stronie Wisły $#Lenkija $#Polija $#Gubernija Carstva Pol'skago $#Republik Polen $74046496-9 $8Polen [Tg1] $9085129801 
044K    $RWirklichkeitswissenschaft $#Sociology $#Sociologie $#Sociologia $#Sociología $#sociology $#Sociology $#Soziologie $#soziologische Theorie $#Soziologie $#Gesellschaftslehre $#allgemeine Soziologie $#Allgemeine Soziologie $#Gesellschaftslehre Soziologie $#Gesellschaft Theorie $#Gesellschaftstheorie $#Sozialtheorie $#Soziallehre Soziologie $74077624-4 $8Soziologie [Tsz] $9085220019 
044K    $RPolitische Identität $RGeschichtsbild $RGeschichtsdenken $#Conscience historique $#Geschichtsbewusstsein $#Historisches Bewusstsein $#Geschichtsverständnis Geschichtsbewusstsein $#Geschichtskultur $74020526-5 $8Geschichtsbewusstsein [Ts1] $9085049387 
045T    $a3,4 

lok: 41685788 78

exp: 41685788 78 1 #EPN
201B/01 $021-09-17 $t23:25:24.000 
201C/01 $021-09-17 
201U/01 $0utf8 
203@/01 $01007615338 
208@/01 $a21-09-17 $be 
209A/01 $a/ $f000 $x00 
209A/01 $ab*p $x01 
220C/01 $apgar 
244Z/01 $#Generalgouvernement Polen $#Polska $#Rzeczpospolita Polska $#Polska Rzeczpospolita Ludowa $#Poland $#Pologne $#République Polonaise $#Generalne Gubernatorstwo w Polsce $#Polish People's Republic $#Polska Rzeczpospolita Polen $#PRL $#RP $#Polen Generalgouvernement $#Polska Generalgouvernement $#Besetzte Polnische Gebiete $#Besetztes Gebiet in Polen $#Okupowane Polskie Obszary $#Obszary Okupowane w Polsce $#Volksrepublik Polen $#Polska Rosyjska $#Republic Polen $#Respublika Pol'ša $#Pol'skaja Narodnaja Respublika $#République de Pologne $#Polen Links der Weichsel $#Polska po Lewej Stronie Wisły $#Lenkija $#Polija $#Gubernija Carstva Pol'skago $#Republik Polen $74046496-9 $8--Tg1--Polen $x01 $9085129801 
244Z/01 $#Böhmische Kronländer $#Länder der Böhmischen Krone $#Sudetenland $#Böhmen $#Mähren $#Mährisch-Schlesien $#Österreichisch-Schlesien $#Tschechische Sozialistische Republik Böhmische Länder $#Tschechei Böhmische Länder $#Země koruny české $74069573-6 $8--Tg1--Böhmische Länder $x02 $9085195553 
247C/01 $82080>Marburg/Lahn, Herder-Institut, Forschungsbibliothek, Bibliographieportal $9336309341
LEADER 00000naa a22000002c 4500
001 416857884
003 DE-603
005 20170921232524.0
007 tu
008 170921s2013 xx |||| | u00||u|eng c
035 |a (DE-599)HEB416857884 
035 |a (NL-LiSWE)00162121 
040 |a DE-603  |b ger  |c DE-603  |d DE-603 
041 |a eng 
084 |a 3,4  |2 ssgn 
100 1 |a Kilias, Jaroslaw 
245 0 0 |a Is There any Sociological Tradition of Social Memory Research? The Polish and the Czech Case  |c Jaroslaw Kilias 
264 0 |c 2013 
650 7 |a Soziologie  |0 (DE-588)4077624-4  |0 (DE-603)085220019  |2 gnd 
650 7 |a Geschichtsbewusstsein  |0 (DE-588)4020526-5  |0 (DE-603)085049387  |2 gnd 
651 7 |a Polen  |0 (DE-588)4046496-9  |0 (DE-603)085129801  |2 gnd 
773 0 8 |i Enthalten in  |t Polish sociological review  |d Warszawa : Polskie Towarzystwo Socjologiczne, 1993-  |x 1231-1413  |g Heft 183 (2013), Seite 297-316  |w (DE-603)048646571  |w (DE-600)1187982-8 
924 0 |9 2080  |a (DE-603)1007615338  |b DE-2080  |c HES  |d d  |g /